Pokémon se terminant par A - Statistiques

Statistiques générales
  • Ce quiz a été pris 423 fois
    378 depuis la dernière actualisation
  • Le résultat moyen est 30 sur 68
Statistiques - réponses
Pokémon % Correct
063 Abra
78%
019 Rattata
77%
064 Kadabra
74%
146 Sulfura
69%
078 Galopa
65%
077 Ponyta
65%
142 Ptéra
62%
138 Amonita
60%
484 Palkia
59%
488 Cresselia
58%
483 Dialga
58%
030 Nidorina
57%
249 Lugia
56%
487 Giratina
54%
792 Lunala
53%
384 Rayquaza
53%
297 Hariyama
49%
308 Charmina
48%
086 Otaria
48%
261 Medhyèna
47%
094 Ectoplasma
46%
281 Kirlia
46%
296 Makuhita
46%
307 Méditikka
46%
389 Torterra
46%
388 Boskara
44%
226 Démanta
44%
262 Grahyèna
44%
496 Lianaja
44%
800 Necrozma
44%
648 Meloetta
43%
805 Ama-Ama
42%
698 Amagara
42%
699 Dragmara
42%
801 Magearna
42%
045 Rafflesia
42%
517 Munna
41%
518 Mushana
41%
345 Lilia
40%
284 Maskadra
40%
479 Motisma
40%
730 Oratoria
40%
458 Babimanta
39%
199 Roigada
39%
193 Yanma
38%
720 Hoopa
37%
576 Sidérella
37%
334 Altaria
36%
318 Carvanha
36%
218 Limagma
36%
575 Mesmérella
36%
574 Scrutella
36%
775 Dodoala
35%
292 Munja
35%
315 Rosélia
35%
469 Yanméga
35%
331 Cacnea
33%
587 Emolga
32%
776 Boumata
31%
751 Araqua
30%
550 Bargantua
30%
327 Spinda
30%
237 Kapoera
29%
570 Zorua
28%
340 Barbicha
27%
695 Iguolta
25%
573 Pashmilla
25%
216 Teddiursa
25%
Aucun quiz correspondant
Distribution des résultats
% des personnes avec chaque résultat
Percentile par nombre de réponses
Votre historique - résultats
Vous n’avez pas pris ce quiz depuis la dernière actualisation